L'Art et la Culture : N°20 (notice n° 2091101)
[ vue normale ]
| 000 -LEADER | |
|---|---|
| fixed length control field | 01246cam a2200133 4500500 |
| 005 - DATE AND TIME OF LATEST TRANSACTION | |
| control field | 20260405010400.0 |
| 041 ## - LANGUAGE CODE | |
| Language code of text/sound track or separate title | fre |
| 042 ## - AUTHENTICATION CODE | |
| Authentication code | dc |
| 100 10 - MAIN ENTRY--PERSONAL NAME | |
| Personal name | Michaud, Yves |
| Relator term | author |
| 245 00 - TITLE STATEMENT | |
| Title | L'Art et la Culture : N°20 |
| 260 ## - PUBLICATION, DISTRIBUTION, ETC. | |
| Name of publisher, distributor, etc. | Odile Jacob,<br/> |
| Date of publication, distribution, etc. | 2002.<br/> |
| 520 ## - SUMMARY, ETC. | |
| Summary, etc. | Le livre a-t-il un avenir ? Le cinéma est-il un art ? Peut-on parler d’uniformisation de la culture ? Quelle place la mode et les musiques nouvelles jouent-elles dans la culture globale ? Chercheurs, universitaires et artistes nous livrent leur vision de l’art et de la culture dans les sociétés contemporaines. L’Université de tous les savoirs : une approche contemporaine des différents domaines de la connaissance dans un esprit qui est à la fois celui du bilan encyclopédique et celui du questionnement d’avenir. Contributions de Michka Assayas, Marc Augé, Hans Belting, Laurence Benaïm, Yves Bonnefoy, René Bonnell, Daniel Buren, Roger Chartier, Jean-Louis Cohen, Antoine Compagnon, Louis Dandrel, Michel Deguy, Gilbert Durand, Marc Fumaroli, Gérard Genette, Serge Guilbaut, Claude Makovski, Patrick Mauriès, Jean-Marie Schaeffer. |
| 856 41 - ELECTRONIC LOCATION AND ACCESS | |
| Uniform Resource Identifier | <a href="https://shs.cairn.info/l-art-et-la-culture--9782738111791?lang=fr&redirect-ssocas=7080">https://shs.cairn.info/l-art-et-la-culture--9782738111791?lang=fr&redirect-ssocas=7080</a> |
Pas d'exemplaire disponible.




Réseaux sociaux